000
00301nam a22001457a 4500
003
SGT
082
_a
658.8NAR
100
_a
NARGUNDKAR,R
245
_a
MARKETING RESEARCH TEXT AND CASES
250
_a
2ND
260
_a
NEW DELHI
_b
TMH
_c
2003
300
_a
494
650
_a
MARKETING
942
_2
ddc
_c
BK
999
_c
9664
_d
9664